| 000 | 00654cam a2200241 4500 | ||
|---|---|---|---|
| 008 | 090401t1990 xxu||||| |||| 00| 0 eng d | ||
| 020 | _a0611007681 | ||
| 035 | _a(Sirsi) u66965 | ||
| 041 | _aeng | ||
| 050 | _a692.5 | ||
| 245 | _aLaxton`s building price book ... 1991 | ||
| 250 | _a163rd ed. | ||
| 260 |
_aEast Grinstead _bReed Information Services Ltd _c1990 |
||
| 300 | _a2v. ; 30cm. | ||
| 350 | _a61 | ||
| 520 | _aShelf 443 | ||
| 650 | _aBUILT ENVIRONMENT-BUILDING COSTS | ||
| 650 | _aJOHNSON V B AND PARTNERS | ||
| 650 | _aBUILDING PRICE BOOKS | ||
| 700 |
_aV.B. Johnson and Partners., _xEditor |
||
| 942 | _n0 | ||
| 948 | _c04/03/1997 | ||
| 999 |
_c94965 _d94965 |
||